| 000 | 00499nam a2200169Ia 4500 | ||
|---|---|---|---|
| 001 | 30772 | ||
| 003 | IN-NITTTR | ||
| 005 | 20251114233414.0 | ||
| 008 | 251113s9999||||xx |||||||||||||| ||eng|| | ||
| 040 | _beng | ||
| 040 | _cIN-NITTTR | ||
| 041 | _aeng | ||
| 082 | _a370.1523 B731 | ||
| 100 | _aCaine, Renate Nummela | ||
| 245 | 0 |
_a12 brain/mind learning principles in action : _b teach for the development of higher-order thinking and executive function / _cCaine, Renate Nummela |
|
| 942 |
_2ddc _cBK |
||
| 999 |
_c33402 _d33402 |
||